00593nam a2200169Ia 4500008004000000020001800040082001700058100002100075245004400096260003900140300001100179650001200190690002500202906001100227999001900238952016600257210210b2003 xxu||||| |||| 00| 0 eng d a81 7223 519 4 a371.425 GHOH aGHOSE (Jayanti). aHarper Collins encyclopedia of careers. aNDbHarperCollins Publishersc2003 ax,1625 aCareers aCareer & Counselling a058688 c105792d105792 001040738EducationaALbALcEducationd2021-02-17eHigginbothams (P) Ltd., Mangalore 01.g500.00l0o371.425 GHOHp058688r2021-02-17 00:00:00w2021-02-17yBK